Datum a čas kvízu
25.5
Celkem bodů
Celkový počet nahraných bodů na tomto kvízu bez doplňovacích otázek.
18.
Pořadí na kvízu
Konečné umístění týmu na tomto kvízu.
Zaznamenané odpovědi
| # | Otázka | Odpověď | Body | Výsledky |
|---|---|---|---|---|
| 1. | Pražští zastupitelé schválili... | luskoun | 1 | |
| 2. | Jediná letadlová loď ruského n... | Kuzněcov | 1 | |
| 3. | V pondělí nás ve věku 61 let o... | Marie Fredriksson, Per Gessle | 1 | |
| 4. | Skupina Kofola ve středu oznám... | Korunní, Ondrášovka | 0.5 | |
| 5. | Slavia Praha se rozloučila s L... | Tomáš Souček | 1 | |
| 6. | Plzeňské Odumřelé buňky se v l... | vchod | 1 | |
| 7. | "Šaty s ___ ___ vyšívané, ale... | vlečkou stříbrem | 1 | |
| 8. | Ty knedlíky připomínají vajíčk... | karety obrovské | 1 | |
| 9. | „Prase počká. Ty jsi přednější... | Pandrholo | 1 | |
| 10. | "Žvejka to je hrozný hnus, žve... | Willy Wonka | 0 |